000 00514nam a2200217Ia 4500
003 OSt
005 20221005132603.0
006 a|||||r|||| 00| 0
007 ta
008 221004b |||||||| |||| 00| 0 eng d
024 _a114841
037 _cTextual
040 _aCRL
_cCRL
_beng
041 _2eng
_aeng
100 _aPrakash J
_9641366
245 0 _aUcchattar Lekhavidhi
260 _c1986
700 _a Verma D K
_9262164
942 _cTEXL
_2cc
999 _c1064083
_d1064083